[Event "Regionalliga NW 0405"]
[Site "Bayern"]
[Date "2005.02.13"]
[Round "7.4"]
[White "Weigand, Hans Christian"]
[Black "Vogt, Thomas"]
[Result "1-0"]
[WhiteElo "1991"]
[BlackElo "1973"]
[PlyCount "139"]
[EventDate "2004.10.24"]
[EventType "team-tourn"]
[EventRounds "9"]
[EventCountry "GER"]
[SourceTitle "EXT 2007"]
[Source "ChessBase"]
[SourceDate "2006.11.23"]
[SourceVersion "1"]
[SourceVersionDate "2006.11.23"]
[SourceQuality "1"]
[WhiteTeam "Kronach"]
[BlackTeam "Wuerzburg II"]
[WhiteTeamCountry "GER"]
[BlackTeamCountry "GER"]

1. c4 e5 2. Nc3 Nf6 3. g3 d5 4. cxd5 Nxd5 5. Bg2 Nb6 6. Nf3 Nc6 7. 0-0 Be7 8. d3 0-0 9. a3 Be6 10. b4 a5 11. b5 Nd4 12. Rb1 f6 13. e3 Nxf3+ 14. Bxf3 Rb8 15. Qc2 Qd7 16. Rd1 Bg4 17. Bxg4 Qxg4 18. d4 Rbd8 19. Ne2 Rd7 20. Bb2 Bd6 21. Nc3 Rfd8 22. Ne4 Qg6 23. Qb3+ Qf7 24. Qxf7+ Kxf7 25. Rdc1 Na4 26. Nxd6+ cxd6 27. d5 f5 28. Bc3 Ra8 29. b6 Nc5 30. Rb5 Ke7 31. Rcb1 a4 32. Bxe5 g6 33. Bd4 Nb3 34. Rb4 Ra5 35. Rb2 Kf7 36. Rc2 h5 37. Rc7 Ke7 38. Bf6+ Ke8 39. Rcc4 Nc5 40. Bd4 Na6 41. Rxa4 Rxd5 42. Rc8+ Rd8 43. Rac4 Ra5 44. Bf6 Rxc8 45. Rxc8+ Kd7 46. Rg8 Nc5 47. Rxg6 Rxa3 48. Rg7+ Kc6 49. Rg5 Kxb6 50. Rxf5 Kc6 51. Rxh5 b5 52. Rh4 Nd3 53. Rd4 Ne1 54. Rd1 Nc2 55. Rc1 Ra2 56. h4 Kd5 57. h5 Ke6 58. Bg7 b4 59. Rb1 Ra4 60. Rb2 Ne1 61. Kf1 Nd3 62. Rb3 Nc5 63. Rb1 Kf7 64. Bd4 Nd3 65. Ke2 Nc5 66. Ra1 b3 67. Rxa4 Nxa4 68. Kd3 b2 69. Kc2 Nc5 70. Bxc5 1-0

[Event "Regionalliga NW 0405"]
[Site "Bayern"]
[Date "2005.01.30"]
[Round "6.4"]
[White "Weigand, Hans Christian"]
[Black "Oehrlein, Thomas"]
[Result "1-0"]
[WhiteElo "1991"]
[BlackElo "2163"]
[PlyCount "75"]
[EventDate "2004.10.24"]
[EventType "team-tourn"]
[EventRounds "9"]
[EventCountry "GER"]
[SourceTitle "EXT 2007"]
[Source "ChessBase"]
[SourceDate "2006.11.23"]
[SourceVersion "1"]
[SourceVersionDate "2006.11.23"]
[SourceQuality "1"]
[WhiteTeam "Kronach"]
[BlackTeam "Kulmbach"]
[WhiteTeamCountry "GER"]
[BlackTeamCountry "GER"]

1. c4 f5 2. d4 Nf6 3. Nc3 e6 4. g3 d5 5. Bg2 c6 6. cxd5 exd5 7. Nf3 Be7 8. 0-0 0-0 9. Ne5 Nbd7 10. Bf4 Qe8 11. Qd3 Qh5 12. Qf3 Qxf3 13. Bxf3 Ne4 14. Bg2 Bf6 15. Nxd7 Bxd7 16. Rfd1 Nxc3 17. bxc3 Rfe8 18. Rab1 b5 19. e3 Kf7 20. Bd6 g5 21. Re1 h5 22. f3 Bd8 23. e4 Be6 24. e5 f4 25. Kf2 Bf5 26. Rbc1 Ke6 27. Bf1 a6 28. Red1 Ra7 29. Bd3 Rf7 30. Bxf5+ Kxf5 31. Rg1 Re6 32. Rg2 fxg3+ 33. hxg3 g4 34. f4 h4 35. gxh4 Kxf4 36. Ke2 Rg7 37. Rf1+ Ke4 38. Rg3 1-0

[Event "Oberfranken-ch M 0405"]
[Site "Schney"]
[Date "2005.01.05"]
[Round "8"]
[White "Weigand, Hans Christian"]
[Black "Urytskyy, Michael"]
[Result "1/2-1/2"]
[WhiteElo "1960"]
[BlackElo "2115"]
[PlyCount "75"]
[EventDate "2005.01.02"]
[EventType "swiss"]
[EventRounds "9"]
[EventCountry "GER"]
[SourceTitle "EXT 2015"]
[Source "ChessBase"]
[SourceDate "2014.11.20"]
[SourceVersion "1"]
[SourceVersionDate "2014.11.20"]
[SourceQuality "1"]

1. c4 Nf6 2. Nc3 c5 3. g3 d5 4. cxd5 Nxd5 5. Bg2 Nc7 6. Nf3 Nc6 7. 0-0 e5 8. d3 Be7 9. Ne1 0-0 10. f4 exf4 11. Bxf4 Be6 12. Rc1 Nd5 13. Nxd5 Bxd5 14. b3 Bxg2 15. Kxg2 Nb4 16. Qd2 Nd5 17. e4 Nxf4+ 18. gxf4 f5 19. Qe2 b6 20. Rc2 Qd6 21. e5 Qd5+ 22. Qf3 Rad8 23. Qxd5+ Rxd5 24. Kf3 g5 25. fxg5 Rxe5 26. Re2 Rxe2 27. Kxe2 Kg7 28. Nf3 Bd6 29. d4 Re8+ 30. Kd3 cxd4 31. Nxd4 Bxh2 32. Nxf5+ Kg6 33. Nh4+ Kh5 34. Nf3 Bf4 35. Rh1+ Kg6 36. Kc4 Re7 37. Rg1 Re3 38. Nh4+ 1/2-1/2

[Event "Oberfranken-ch M 0405"]
[Site "Schney"]
[Date "2005.01.04"]
[Round "7"]
[White "Herdin, Hans Ulrich"]
[Black "Weigand, Hans Christian"]
[Result "0-1"]
[WhiteElo "2046"]
[BlackElo "1960"]
[PlyCount "76"]
[EventDate "2005.01.02"]
[EventType "swiss"]
[EventRounds "9"]
[EventCountry "GER"]
[SourceTitle "EXT 2015"]
[Source "ChessBase"]
[SourceDate "2014.11.20"]
[SourceVersion "1"]
[SourceVersionDate "2014.11.20"]
[SourceQuality "1"]

1. d4 d5 2. Nf3 c6 3. e3 Nf6 4. c4 e6 5. Nc3 Bd6 6. Bd3 0-0 7. e4 dxe4 8. Nxe4 Nxe4 9. Bxe4 Nd7 10. 0-0 h6 11. Bc2 Qc7 12. Qd3 Nf6 13. Be3 b6 14. Rad1 Rd8 15. Bd2 c5 16. Bc3 cxd4 17. Bxd4 Bc5 18. Be5 Rxd3 19. Bxc7 Rxd1 20. Rxd1 Bb7 21. Ne5 Rc8 22. Bd6 Be4 23. Bxe4 Nxe4 24. Bxc5 Rxc5 25. Re1 Rxe5 26. f3 Ra5 27. Rxe4 Rxa2 28. Re2 Kf8 29. Kf2 Ra1 30. Rc2 Ke7 31. c5 b5 32. b4 Kd7 33. Ke3 a5 34. c6+ Kc7 35. bxa5 Rxa5 36. Rc5 Ra3+ 37. Kf4 b4 38. Rc4 b3 0-1

[Event "Oberfranken-ch M 0405"]
[Site "Schney"]
[Date "2005.01.02"]
[Round "1"]
[White "Wetscherek, Andreas"]
[Black "Weigand, Hans Christian"]
[Result "1/2-1/2"]
[WhiteElo "2289"]
[BlackElo "1960"]
[PlyCount "54"]
[EventDate "2005.01.02"]
[EventType "swiss"]
[EventRounds "9"]
[EventCountry "GER"]
[SourceTitle "EXT 2015"]
[Source "ChessBase"]
[SourceDate "2014.11.20"]
[SourceVersion "1"]
[SourceVersionDate "2014.11.20"]
[SourceQuality "1"]

1. e4 c5 2. Nf3 Nc6 3. c3 d5 4. exd5 Qxd5 5. d4 Bg4 6. Nbd2 Bxf3 7. Nxf3 cxd4 8. Nxd4 Nxd4 9. Qxd4 Qxd4 10. cxd4 a6 11. Be2 e6 12. Bf3 Bb4+ 13. Ke2 Rb8 14. Bf4 Rd8 15. Bxb7 Rxd4 16. Be3 Rd6 17. a3 Ba5 18. b4 Bb6 19. Bf4 e5 20. Bg3 Bd4 21. Rac1 Kd7 22. Rhd1 Ne7 23. Kf1 Rb8 24. Bxa6 f6 25. Be2 Ra8 26. a4 Nd5 27. Rc4 Nb6 1/2-1/2